Pays qui produisent le plus de café - Statistiques

Statistiques générales
  • Ce quiz a été pris 16 165 fois
    11 008 depuis la dernière actualisation
  • Le résultat moyen est 12 sur 22
Statistiques - réponses
Tonnes Pays % Correct
3 920 000 Brésil
96%
858 000 Colombie
87%
240 000 Mexique
81%
228 000 Pérou
80%
30 000 Venezuela
75%
342 000 Inde
72%
30 000 Équateur
67%
744 000 Indonésie
61%
87 000 Costa Rica
55%
225 000 Guatemala
53%
366 000 Honduras
51%
159 000 Nicaragua
51%
443 000 Éthiopie
50%
46 500 Kenya
50%
30 000 Thaïlande
49%
1 740 000 Viêt Nam
48%
36 000 Salvador
43%
54 000 Tanzanie
42%
36 000 Laos
39%
107 000 Côte d'Ivoire
37%
337 000 Ouganda
27%
40 500 Papouasie-Nouvelle-Guinée
19%
Aucun quiz correspondant
Distribution des résultats
% des personnes avec chaque résultat
Percentile par nombre de réponses
Votre historique - résultats
Vous n’avez pas pris ce quiz depuis la dernière actualisation